[Event "Champ FRA - Under 12"]
[Site "Europe Echecs"]
[Date "2020.07.08"]
[Round "5"]
[White "RobinLucien"]
[Black "BouvierMenardB"]
[Result "1-0"]
[WhiteElo "1265"]
[BlackElo "1034"]
[PlyCount "93"]
[EventDate "2020.??.??"]

1. e4 e5 2. Nf3 Nc6 3. Nc3 Nf6 4. a3 Bc5 5. Nxe5 Nxe5 6. d4 Bxd4 7. Qxd4 Nc6 8.
Qd1 d6 9. Bg5 h6 10. Bh4 Bg4 11. Bxf6 Bxd1 12. Bxd8 Rxd8 13. Rxd1 O-O 14. Bc4
Rfe8 15. O-O Ne5 16. Bb3 Kf8 17. Rfe1 a6 18. Nd5 c6 19. Nb6 Nd7 20. Nxd7+ Rxd7
21. Re3 Rde7 22. h3 Rxe4 23. Rxe4 Rxe4 24. Rxd6 Re1+ 25. Kh2 Re2 26. f3 Re7 27.
Rd8+ Re8 28. Rxe8+ Kxe8 29. Kg3 Ke7 30. Kf4 Kf6 31. g4 g5+ 32. Kg3 Ke7 33. h4
gxh4+ 34. Kxh4 Kf6 35. Kh5 Kg7 36. Bxf7 Kxf7 37. Kxh6 Kg8 38. g5 a5 39. g6 a4
40. f4 b6 41. f5 c5 42. f6 c4 43. g7 Kf7 44. Kh7 Kxf6 45. g8=Q b5 46. Qd5 c3
47. bxc3 {BouvierMenardB a abandonné} 1-0

[Event "Champ FRA - Under 12"]
[Site "Europe Echecs"]
[Date "2020.07.08"]
[Round "5"]
[White "MenceEline"]
[Black "KarushkovNguye"]
[Result "0-1"]
[WhiteElo "1264"]
[BlackElo "1013"]
[PlyCount "66"]
[EventDate "2020.??.??"]

1. d4 d5 2. Bf4 Nf6 3. Nf3 Bf5 4. e3 e6 5. c3 c6 6. Nbd2 Bd6 7. Bg3 O-O 8. Be2
Qe7 9. Ne5 Bxe5 10. dxe5 Ne4 11. f4 Nxg3 12. hxg3 Qc5 13. Kf2 Nd7 14. Nb3 Qb6
15. Bd3 Bg6 16. Qe2 Nc5 17. Nxc5 Qxc5 18. Rhd1 b5 19. a3 a5 20. Rdc1 Qb6 21. b4
axb4 22. axb4 Rfd8 23. Kg1 Rdc8 24. Bxg6 hxg6 25. Rcb1 Qb7 26. e4 Rxa1 27. Rxa1
Ra8 28. Rd1 Qb6+ 29. Kh2 Kf8 30. exd5 exd5 31. Rd2 Ke7 32. Ra2 Rh8+ 33. Qh5
Rxh5# {MenceEline est échec et mat} 0-1

[Event "Champ FRA - Under 12"]
[Site "Europe Echecs"]
[Date "2020.07.08"]
[Round "5"]
[White "BernardelliTho"]
[Black "DarrortNahia"]
[Result "0-1"]
[WhiteElo "1079"]
[BlackElo "1263"]
[PlyCount "78"]
[EventDate "2020.??.??"]

1. d4 d5 2. Bf4 Bf5 3. e3 Nf6 4. c4 e6 5. Qb3 b6 6. Nc3 Be7 7. Nf3 c6 8. Qa4 h6
9. Ne5 Qc8 10. Be2 Nfd7 11. O-O Nxe5 12. Bxe5 O-O 13. Qd1 f6 14. Bf4 Nd7 15.
Bg4 Bxg4 16. Qxg4 f5 17. Qg3 Kh7 18. Be5 Nxe5 19. Qxe5 dxc4 20. Rac1 Bf6 21.
Qg3 b5 22. Ne2 Qd8 23. Nf4 Qe8 24. b3 cxb3 25. axb3 Bg5 26. Rxc6 Qxc6 27. Nh5
g6 28. Nf4 Bxf4 29. exf4 Rac8 30. h4 Qe8 31. f3 Qf7 32. Kf2 Rc2+ 33. Ke3 Rc3+
34. Kd2 Rxb3 35. Rh1 Qc7 36. h5 Qc3+ 37. Ke2 Rb2+ 38. Kd1 Qc2+ 39. Ke1 Qe2# {
BernardelliTho est échec et mat} 0-1

[Event "Champ FRA - Under 12"]
[Site "Europe Echecs"]
[Date "2020.07.08"]
[Round "5"]
[White "MareauNoe"]
[Black "OstrovskiyVova"]
[Result "1/2-1/2"]
[WhiteElo "1071"]
[BlackElo "1260"]
[PlyCount "129"]
[EventDate "2020.??.??"]

1. e4 e5 2. Nf3 Nc6 3. Nc3 Nf6 4. h3 Bc5 5. Nxe5 Nxe5 6. d4 Bxd4 7. Qxd4 Nc6 8.
Qd1 O-O 9. Bd3 Re8 10. O-O d5 11. exd5 Nb4 12. a3 Nxd3 13. Qxd3 c6 14. dxc6
Qxd3 15. cxd3 bxc6 16. Bg5 Bf5 17. Bxf6 gxf6 18. Rad1 Rad8 19. Rd2 Rxd3 20.
Rxd3 Bxd3 21. Rd1 Bb5 22. Rd7 a5 23. Ra7 a4 24. Nxa4 Bxa4 25. Rxa4 Re2 26. b4
Re4 27. Ra8+ Kg7 28. Rc8 Rc4 29. Kf1 Rc3 30. b5 Rxa3 31. Rxc6 Rb3 32. b6 f5 33.
Ke2 Kf8 34. Kd2 Ke7 35. Kc2 Rb5 36. Kc3 Kd7 37. Rh6 Kc8 38. Kc4 Rb2 39. Kc5
Rxf2 40. Rxh7 Rxg2 41. Rxf7 Rc2+ 42. Kb5 Rb2+ 43. Kc6 Rc2+ 44. Kd6 Rd2+ 45. Kc6
Rc2+ 46. Kd6 Rb2 47. b7+ Rxb7 48. Rxb7 Kxb7 49. Ke5 Kc8 50. Kxf5 Kd8 51. Kg6
Ke8 52. h4 Kf8 53. h5 Kg8 54. Kh6 Kh8 55. Kg6 Kg8 56. h6 Kh8 57. Kg5 Kh7 58.
Kh5 Kg8 59. Kg6 Kh8 60. Kh5 Kh7 61. Kg5 Kg8 62. Kf6 Kh8 63. Kg6 Kg8 64. h7+ Kh8
65. Kh6 {Nulle par pat} 1/2-1/2

[Event "Champ FRA - Under 12"]
[Site "Europe Echecs"]
[Date "2020.07.08"]
[Round "5"]
[White "CavillotDelest"]
[Black "LeNeindreYael"]
[Result "0-1"]
[WhiteElo "1063"]
[BlackElo "1258"]
[PlyCount "46"]
[EventDate "2020.??.??"]

1. e4 e5 2. Nf3 Nf6 3. Bc4 Nc6 4. Nc3 d6 5. h3 Be7 6. d3 O-O 7. Bg5 h6 8. Bh4
Nxe4 9. Bxe7 Nxc3 10. Bxd8 Nxd1 11. Bxc7 Nxb2 12. Bxd6 Rd8 13. Ba3 Nxc4 14.
dxc4 Nd4 15. Nxd4 Rxd4 16. Bb2 Rxc4 17. O-O-O Bf5 18. Rd2 Rac8 19. Bxe5 Bxc2
20. Kb2 R4c5 21. Re1 Rb5+ 22. Ka3 Rc4 23. Rd4 Rc3# {CavillotDelest est échec
et mat} 0-1

[Event "Champ FRA - Under 12"]
[Site "Europe Echecs"]
[Date "2020.07.08"]
[Round "5"]
[White "KurenkovAnton"]
[Black "TroadecMelusin"]
[Result "0-1"]
[WhiteElo "1056"]
[BlackElo "1251"]
[PlyCount "26"]
[EventDate "2020.??.??"]

1. e4 e5 2. Nf3 Nc6 3. Bc4 Bc5 4. Nc3 Nf6 5. O-O O-O 6. d3 h6 7. h3 d6 8. Nh4
Be6 9. Qf3 Nd4 10. Qg3 Nh5 11. Qe3 Qxh4 12. g3 Qf6 13. Qf3 Nxf3+ {
KurenkovAnton a abandonné} 0-1

[Event "Champ FRA - Under 12"]
[Site "Europe Echecs"]
[Date "2020.07.08"]
[Round "5"]
[White "YuMatthieu"]
[Black "KerjeanLohan"]
[Result "1-0"]
[WhiteElo "1250"]
[BlackElo "1008"]
[PlyCount "39"]
[EventDate "2020.??.??"]

1. d4 d5 2. c4 e6 3. Nf3 Nf6 4. Qa4+ c6 5. Nc3 Bd7 6. Qb3 Bd6 7. Qxb7 c5 8.
Qxa8 Bc6 9. Qxa7 dxc4 10. dxc5 Bc7 11. Qa3 O-O 12. e3 Ne4 13. Nxe4 Bxe4 14.
Bxc4 Qd7 15. Ng5 Bxg2 16. Rg1 Bd5 17. Qd3 Ba5+ 18. Bd2 Bxd2+ 19. Kxd2 f6 20.
Qxh7# {KerjeanLohan est échec et mat} 1-0

[Event "Champ FRA - Under 12"]
[Site "Europe Echecs"]
[Date "2020.07.08"]
[Round "5"]
[White "MorinRocheHugo"]
[Black "BernardiAlexan"]
[Result "1-0"]
[WhiteElo "1231"]
[BlackElo "999"]
[PlyCount "59"]
[EventDate "2020.??.??"]

1. e4 e5 2. Nf3 Bc5 3. Bc4 Nc6 4. O-O Nf6 5. Nc3 Bb4 6. d3 Bxc3 7. bxc3 O-O 8.
Bg5 h6 9. Bh4 g5 10. Bg3 Re8 11. Qd2 d5 12. exd5 Nxd5 13. Bxd5 Qxd5 14. h4 g4
15. Nh2 h5 16. Qg5+ Kf8 17. Qxh5 f5 18. Qh6+ Ke7 19. h5 f4 20. Bh4+ Kd7 21.
Nxg4 Qe6 22. Nf6+ Kd6 23. Nxe8+ Kd5 24. Nxc7+ Kc5 25. Nxe6+ Kb6 26. Bd8+ Ka6
27. Nc5+ Kb5 28. Nb3 Bf5 29. a4+ Ka6 30. Nc5# {BernardiAlexan est échec et mat
} 1-0

[Event "Champ FRA - Under 12"]
[Site "Europe Echecs"]
[Date "2020.07.08"]
[Round "5"]
[White "EbelePierre"]
[Black "GresserHugo"]
[Result "0-1"]
[WhiteElo "1053"]
[BlackElo "1230"]
[PlyCount "98"]
[EventDate "2020.??.??"]

1. e3 e5 2. e4 Nf6 3. Nc3 Nc6 4. Bb5 Bc5 5. Nf3 a6 6. Bc4 d5 7. exd5 Nd4 8.
Nxd4 Bxd4 9. O-O b5 10. Bb3 Bb7 11. d3 O-O 12. Bg5 h6 13. Bxf6 Qxf6 14. Ne4 Qd8
15. Qf3 Bxb2 16. Rab1 Bd4 17. c3 Bb6 18. Qg3 Bxd5 19. Bxd5 Qxd5 20. Qf3 Rad8
21. Rfd1 Qxa2 22. d4 exd4 23. cxd4 Rxd4 24. Rbc1 Rxd1+ 25. Rxd1 Qc2 26. h3 b4
27. Qd3 Qxd3 28. Rxd3 Re8 29. Nd2 a5 30. Nb3 a4 31. Nd2 a3 32. Nb3 Re1+ 33. Kh2
a2 34. Rd8+ Kh7 35. Ra8 Rb1 36. Rxa2 Rxb3 37. f3 c5 38. Rc2 Rc3 39. Rb2 b3 40.
Kg3 c4 41. Kf4 Rc2 42. Rb1 b2 43. Ke4 c3 44. Kd3 Rc1 45. Rxc1 bxc1=Q 46. g4
Qd2+ 47. Ke4 Qd4+ 48. Kf5 Bc7 49. f4 Qxf4# {EbelePierre est échec et mat} 0-1

[Event "Champ FRA - Under 12"]
[Site "Europe Echecs"]
[Date "2020.07.08"]
[Round "5"]
[White "MullerLouisEti"]
[Black "NunesSoubeyranE"]
[Result "0-1"]
[WhiteElo "1030"]
[BlackElo "1220"]
[PlyCount "58"]
[EventDate "2020.??.??"]

1. e4 e5 2. Nf3 Nc6 3. Bc4 Nf6 4. d3 Be7 5. Nc3 O-O 6. Nh4 Bc5 7. Qf3 d6 8. Bg5
Bg4 9. Qxg4 Nxg4 10. h3 Qxg5 11. hxg4 Qxg4 12. f3 Qg3+ 13. Kd1 Nb4 14. a3 Nc6
15. Nf5 Qxg2 16. Re1 Bf2 17. Kc1 Bxe1 18. Kb1 Nd4 19. Nb5 Nxb5 20. Bxb5 c6 21.
Ka2 cxb5 22. Rxe1 Rac8 23. Nh4 Qf2 24. Ra1 Qxh4 25. c4 bxc4 26. dxc4 Rxc4 27.
b3 Rc2+ 28. Kb1 Rfc8 29. f4 Qh1# {MullerLouisEti est échec et mat} 0-1

[Event "Champ FRA - Under 12"]
[Site "Europe Echecs"]
[Date "2020.07.08"]
[Round "5"]
[White "DuportailIdris"]
[Black "HorenfeldMelvi"]
[Result "0-1"]
[WhiteElo "960"]
[BlackElo "1200"]
[PlyCount "42"]
[EventDate "2020.??.??"]

1. e4 c5 2. Nf3 d6 3. Bc4 e6 4. d4 cxd4 5. Qxd4 Nc6 6. Qc3 Nf6 7. O-O Nxe4 8.
Qe3 d5 9. Bd3 Bc5 10. Qf4 Qd6 11. Qh4 Qe7 12. Qg4 O-O 13. Qh5 Nf6 14. Ng5 Nxh5
15. Bxh7+ Kh8 16. Nc3 f6 17. Bg6 fxg5 18. Bxh5 Qf6 19. Nb5 Bxf2+ 20. Rxf2 Qxf2+
21. Kh1 Qf1# {DuportailIdris est échec et mat} 0-1

[Event "Champ FRA - Under 12"]
[Site "Europe Echecs"]
[Date "2020.07.08"]
[Round "5"]
[White "LamorelleAlexe"]
[Black "BollengierRoma"]
[Result "1-0"]
[WhiteElo "1009"]
[BlackElo "1484"]
[PlyCount "55"]
[EventDate "2020.??.??"]

1. e4 c5 2. Nf3 d6 3. Nc3 Nc6 4. Bb5 Bd7 5. d4 cxd4 6. Nxd4 g6 7. Bxc6 bxc6 8.
Qf3 Bg7 9. e5 Bxe5 10. Nxc6 Bxc6 11. Qxc6+ Kf8 12. O-O Rc8 13. Qb5 Nf6 14. Bh6+
Kg8 15. Rfe1 Ng4 16. Bg5 h6 17. Bh4 Kh7 18. h3 Nf6 19. Nd5 Nxd5 20. Qxd5 Rf8
21. c3 Qd7 22. Rxe5 Rc5 23. Rxe7 Qxe7 24. Bxe7 Rxd5 25. Bxf8 Kg8 26. Be7 f5 27.
Re1 Kf7 28. Bd8 {BollengierRoma a abandonné} 1-0

[Event "Champ FRA - Under 12"]
[Site "Europe Echecs"]
[Date "2020.07.08"]
[Round "5"]
[White "FontaineMaelys"]
[Black "GourarMariem"]
[Result "1-0"]
[WhiteElo "1500"]
[BlackElo "1062"]
[PlyCount "77"]
[EventDate "2020.??.??"]

1. d4 d5 2. Bf4 Nf6 3. Nf3 Nc6 4. e3 Bg4 5. Bd3 e6 6. O-O Bd6 7. Bg3 O-O 8.
Nbd2 Bxg3 9. fxg3 Ne4 10. Nxe4 dxe4 11. Bxe4 f5 12. Bxc6 bxc6 13. Qd2 Qd5 14.
Ne5 c5 15. Rf4 Bh5 16. b3 cxd4 17. exd4 g5 18. Rf2 c5 19. c4 Qd6 20. Qxg5+ Kh8
21. Qxh5 cxd4 22. Nf7+ Rxf7 23. Qxf7 Rf8 24. Qh5 f4 25. Rxf4 Rxf4 26. gxf4 Qxf4
27. Qe8+ Kg7 28. Qxe6 Kf8 29. Rf1 Qxf1+ 30. Kxf1 Kg7 31. Qe5+ Kg6 32. Qxd4 Kh6
33. Qh4+ Kg7 34. g4 Kg6 35. Qh5+ Kg7 36. g5 Kh8 37. g6 Kg7 38. Qxh7+ Kf8 39.
Qf7# {GourarMariem est échec et mat} 1-0

[Event "Champ FRA - Under 12"]
[Site "Europe Echecs"]
[Date "2020.07.08"]
[Round "5"]
[White "AlsaiedZeina"]
[Black "AymericElijah"]
[Result "1-0"]
[WhiteElo "1061"]
[BlackElo "1450"]
[PlyCount "37"]
[EventDate "2020.??.??"]

1. e4 e5 2. Nf3 Nc6 3. Bc4 Nf6 4. d3 Bc5 5. Ng5 d5 6. exd5 Nxd5 7. Qf3 Be6 8.
O-O Nd4 9. Qd1 Qe7 10. c3 Nc6 11. Ne4 O-O-O 12. Nxc5 Qxc5 13. b4 Qd6 14. Na3
Nxc3 15. Qc2 Nd5 16. Nb5 Qxb4 17. Rb1 Qc5 18. Ba3 Qb6 19. Nd6+ {AymericElijah
a abandonné} 1-0

[Event "Champ FRA - Under 12"]
[Site "Europe Echecs"]
[Date "2020.07.08"]
[Round "5"]
[White "SaelenTitouan"]
[Black "ValentinAnasta"]
[Result "1-0"]
[WhiteElo "1152"]
[BlackElo "1360"]
[PlyCount "45"]
[EventDate "2020.??.??"]

1. c4 e5 2. Nc3 Nf6 3. e3 d5 4. cxd5 Nxd5 5. d4 exd4 6. exd4 Nxc3 7. bxc3 Qe7+
8. Ne2 Bf5 9. g3 Be4 10. Rg1 Bf3 11. Bg2 Bg4 12. Qd2 c6 13. Bb2 g6 14. O-O-O h6
15. Rde1 Qd7 16. d5 Be7 17. c4 Bg5 18. f4 Bf6 19. Bxf6 O-O 20. dxc6 Qxd2+ 21.
Kxd2 Re8 22. Nd4 Rd8 23. cxb7 {ValentinAnasta a abandonné} 1-0

[Event "Champ FRA - Under 12"]
[Site "Europe Echecs"]
[Date "2020.07.08"]
[Round "5"]
[White "LambertHoareau"]
[Black "ColinPenelope"]
[Result "1-0"]
[WhiteElo "1348"]
[BlackElo "1290"]
[PlyCount "69"]
[EventDate "2020.??.??"]

1. e4 e5 2. Nf3 Nc6 3. Bc4 Bc5 4. c3 Nf6 5. d4 exd4 6. O-O dxc3 7. e5 Nh5 8.
Qd5 O-O 9. Qxc5 b6 10. Qe3 Bb7 11. Nxc3 Na5 12. Bb3 Nc4 13. Bxc4 d5 14. Bb3 a5
15. Qd3 c6 16. Bc2 g6 17. Bh6 Re8 18. g4 Ng7 19. Qd4 Ne6 20. Qe3 Qd7 21. Nd4
Nxd4 22. Qxd4 c5 23. e6 cxd4 24. exd7 Red8 25. Nb5 Rxd7 26. Nxd4 Ba6 27. Rfe1
Bb7 28. Ba4 Rd6 29. Nb5 Rf6 30. Nc7 Rc8 31. Re8+ Rxe8 32. Nxe8 Ba6 33. Nxf6+
Kh8 34. Re1 b5 35. Re8# {ColinPenelope est échec et mat} 1-0

[Event "Champ FRA - Under 12"]
[Site "Europe Echecs"]
[Date "2020.07.08"]
[Round "5"]
[White "LarioumlilWass"]
[Black "VandenbusscheT"]
[Result "1/2-1/2"]
[WhiteElo "1295"]
[BlackElo "999"]
[PlyCount "220"]
[EventDate "2020.??.??"]

1. e4 e5 2. Nf3 Nc6 3. d4 exd4 4. c3 dxc3 5. Nxc3 d6 6. Bc4 Bg4 7. Qb3 Nh6 8.
Bxh6 gxh6 9. h3 Be6 10. Bxe6 fxe6 11. Qxe6+ Qe7 12. Qxe7+ Bxe7 13. O-O-O O-O-O
14. Rhe1 Rhg8 15. g3 Rgf8 16. Rd3 Nb4 17. Rde3 Bg5 18. Nxg5 hxg5 19. f4 gxf4
20. gxf4 Rxf4 21. e5 d5 22. Ne2 Rc4+ 23. Rc3 Rxc3+ 24. Nxc3 d4 25. Nb5 d3 26.
Kd2 Nxa2 27. Nxa7+ Kb8 28. Nb5 c6 29. Nc3 Nxc3 30. bxc3 b5 31. e6 Kc7 32. e7
Re8 33. Re3 Kd7 34. Kxd3 Rxe7 35. Rf3 c5 36. Rf5 b4 37. Rxc5 b3 38. Rb5 h5 39.
Rxh5 Kd6 40. Rb5 Rh7 41. Rxb3 Rxh3+ 42. Kc2 Kc5 43. Rb4 Rh2+ 44. Kb3 Rd2 45.
Rc4+ Kb5 46. Rh4 Rd1 47. Rh5+ Kb6 48. c4 Rc1 49. Kb4 Kc6 50. Rh6+ Kc7 51. c5
Kd7 52. Kb5 Ke7 53. c6 Kd8 54. Rh7 Rb1+ 55. Ka4 Ra1+ 56. Kb3 Rb1+ 57. Kc2 Rb6
58. c7+ Kc8 59. Kd3 Rc6 60. Kd4 Rxc7 61. Rh8+ Kb7 62. Rh1 Rd7+ 63. Kc5 Rc7+ 64.
Kd6 Rc2 65. Rb1+ Ka6 66. Ra1+ Kb5 67. Rb1+ Kc4 68. Rh1 Rd2+ 69. Ke5 Rd5+ 70.
Ke4 Rd4+ 71. Ke3 Rd3+ 72. Ke2 Ra3 73. Kd2 Ra2+ 74. Ke3 Ra3+ 75. Ke4 Ra2 76.
Rc1+ Kb3 77. Rc8 Re2+ 78. Kd3 Rh2 79. Rb8+ Ka4 80. Kc3 Ka5 81. Kc4 Ka6 82. Kc5
Ka7 83. Rb3 Rh5+ 84. Kc6 Rh6+ 85. Kc7 Rh7+ 86. Kc8 Rh8+ 87. Kc7 Rh7+ 88. Kc6
Rh6+ 89. Kb5 Rh5+ 90. Ka4 Rh4+ 91. Ka3 Rh1 92. Rg3 Ra1+ 93. Kb2 Ra6 94. Kb3
Rb6+ 95. Kc4 Rc6+ 96. Kb5 Rb6+ 97. Kc5 Rh6 98. Ra3+ Kb7 99. Kd5 Rh5+ 100. Kd6
Rh6+ 101. Kd5 Rh5+ 102. Kc4 Rh4+ 103. Kb3 Rh3+ 104. Ka2 Rh2+ 105. Kb3 Rh3+ 106.
Kb4 Rh4+ 107. Kc5 Rh5+ 108. Kd4 Rh4+ 109. Ke5 Rh5+ 110. Kf6 Rc5 {Nulle par
r&egrave;gle des 50 coups} 1/2-1/2

[Event "Champ FRA - Under 12"]
[Site "Europe Echecs"]
[Date "2020.07.08"]
[Round "5"]
[White "TurcuLaura"]
[Black "FaidiSami"]
[Result "1-0"]
[WhiteElo "1006"]
[BlackElo "1394"]
[PlyCount "73"]
[EventDate "2020.??.??"]

1. e4 e5 2. Nf3 Nc6 3. Bc4 Nh6 4. O-O d6 5. d3 Ng8 6. Be3 Nf6 7. Nbd2 Ng4 8.
Bg5 f6 9. Bh4 g5 10. Bg3 Bh6 11. h3 Nxf2 12. Rxf2 g4 13. hxg4 Bxd2 14. Qxd2 Rg8
15. Qh6 Rxg4 16. Qh5+ Ke7 17. Qxh7+ Rg7 18. Qh4 Bg4 19. c3 Bxf3 20. Rxf3 Qg8
21. Bxg8 Raxg8 22. Qxf6+ Ke8 23. Qe6+ Ne7 24. Bh4 Rxg2+ 25. Kf1 Rg1+ 26. Kf2
R1g2+ 27. Ke3 R2g7 28. Bxe7 Rxe7 29. Qxg8+ Kd7 30. Qg4+ Kc6 31. b4 Kb6 32. Qg5
d5 33. Qxe7 d4+ 34. cxd4 exd4+ 35. Kxd4 c5+ 36. Qxc5+ Ka6 37. Qa5# {FaidiSami
est échec et mat} 1-0

[Event "Champ FRA - Under 12"]
[Site "Europe Echecs"]
[Date "2020.07.08"]
[Round "5"]
[White "LambertArthur"]
[Black "MechoulanDanie"]
[Result "1/2-1/2"]
[WhiteElo "1380"]
[BlackElo "1140"]
[PlyCount "105"]
[EventDate "2020.??.??"]

1. e4 d5 2. exd5 Qxd5 3. Nc3 Qa5 4. Nf3 c6 5. d4 Nf6 6. Bc4 b5 7. Bb3 Bb7 8.
O-O e6 9. Bf4 Qd8 10. Qd2 c5 11. dxc5 Bxf3 12. Qxd8+ Kxd8 13. Bxb8 Rxb8 14.
gxf3 Bxc5 15. Ne4 Nxe4 16. fxe4 Ke7 17. Rad1 Rhd8 18. Rxd8 Rxd8 19. c4 bxc4 20.
Bxc4 Bd4 21. b4 Bc3 22. b5 Kf8 23. a4 Rd4 24. Bb3 Rxe4 25. Rc1 Re1+ 26. Rxe1
Bxe1 27. Kf1 Ba5 28. Ke2 Ke7 29. Kd3 Kd6 30. f4 Kc7 31. h4 Kb7 32. Ke4 a6 33.
bxa6+ Kxa6 34. f5 Bd8 35. h5 exf5+ 36. Kxf5 g6+ 37. hxg6 fxg6+ 38. Kg4 h6 39.
Bc2 g5 40. Kh5 g4 41. Kxh6 g3 42. Be4 Ka5 43. Bc6 Bc7 44. Kh5 Kb6 45. Bf3 Ka5
46. Bc6 Kb4 47. Kg4 Kc5 48. Bf3 Kb6 49. Kh3 Kc5 50. Kg4 Kb4 51. Bc6 Ka5 52. Kh3
Kb4 53. Kg4 {Nulle par répétition} 1/2-1/2

[Event "Champ FRA - Under 12"]
[Site "Europe Echecs"]
[Date "2020.07.08"]
[Round "5"]
[White "YcardFaustine"]
[Black "BalloyAlix"]
[Result "0-1"]
[WhiteElo "1380"]
[BlackElo "1130"]
[PlyCount "52"]
[EventDate "2020.??.??"]

1. e4 c5 2. Nf3 Nf6 3. Nc3 Nc6 4. Bb5 e5 5. O-O d6 6. Nd5 Be7 7. Nxf6+ Bxf6 8.
d3 O-O 9. Be3 Bd7 10. a4 a6 11. Bc4 Ne7 12. c3 Ng6 13. b4 b6 14. bxc5 bxc5 15.
d4 exd4 16. cxd4 cxd4 17. Bxd4 Bg4 18. Bxf6 Qxf6 19. Bd5 Rab8 20. Rb1 Rxb1 21.
Qxb1 Bxf3 22. gxf3 Qg5+ 23. Kh1 Nh4 24. Rg1 Qf6 25. Qb6 Qxf3+ 26. Rg2 Qxg2# {
YcardFaustine est échec et mat} 0-1

[Event "Champ FRA - Under 12"]
[Site "Europe Echecs"]
[Date "2020.07.08"]
[Round "5"]
[White "DupreyJoffrey"]
[Black "DuboisGabriel"]
[Result "1-0"]
[WhiteElo "1370"]
[BlackElo "1124"]
[PlyCount "21"]
[EventDate "2020.??.??"]

1. e4 e5 2. Nf3 Nc6 3. Bc4 Bc5 4. Rg1 Nf6 5. Ng5 d5 6. exd5 Na5 7. Qe2 O-O 8.
Nc3 Nxc4 9. Qxc4 Bd4 10. Qd3 Nxd5 11. Qxh7# {DuboisGabriel est échec et mat}
1-0

[Event "Champ FRA - Under 12"]
[Site "Europe Echecs"]
[Date "2020.07.08"]
[Round "5"]
[White "TournabienPaul"]
[Black "SakiMehdi"]
[Result "0-1"]
[WhiteElo "1330"]
[BlackElo "1107"]
[PlyCount "28"]
[EventDate "2020.??.??"]

1. e4 e5 2. Nf3 Nc6 3. Nc3 Nf6 4. Bb5 Bb4 5. Bxc6 dxc6 6. Nxe5 Bxc3 7. dxc3
Qxd1+ 8. Kxd1 Nxe4 9. Re1 Nxf2+ 10. Kd2 O-O 11. Rf1 Rd8+ 12. Ke2 Ne4 13. Nxf7
Bg4+ 14. Ke1 Rd1# {TournabienPaul est échec et mat} 0-1

[Event "Champ FRA - Under 12"]
[Site "Europe Echecs"]
[Date "2020.07.08"]
[Round "5"]
[White "BourdelBaptist"]
[Black "BiondiAntonin"]
[Result "0-1"]
[WhiteElo "1100"]
[BlackElo "1280"]
[PlyCount "78"]
[EventDate "2020.??.??"]

1. e4 d5 2. exd5 Nf6 3. d4 Bg4 4. Be2 Bxe2 5. Qxe2 Qxd5 6. Nf3 Nc6 7. Nc3 Qd7
8. Be3 O-O-O 9. O-O-O Ng4 10. h3 Nxe3 11. fxe3 e6 12. Ne5 Nxe5 13. dxe5 Qe7 14.
Rxd8+ Qxd8 15. Rd1 Qe7 16. Qd3 g6 17. Nb5 Bh6 18. Nxa7+ Kb8 19. Nb5 Kc8 20. Kb1
c6 21. Nd6+ Kb8 22. Qb3 Bf8 23. Qb6 Bg7 24. Qc5 Rd8 25. Qa3 Bxe5 26. Rd3 Bxd6
27. Qa5 Bc7 28. Rxd8+ Qxd8 29. Qb4 Qd6 30. Qe1 Qe5 31. Qf2 Qd5 32. b3 Be5 33.
a4 Qd1+ 34. Ka2 Qd5 35. Qxf7 Qd2 36. Qe8+ Ka7 37. Qxe6 Qxc2+ 38. Ka3 Bb2+ 39.
Kb4 Qc3# {BourdelBaptist est échec et mat} 0-1

[Event "Champ FRA - Under 12"]
[Site "Europe Echecs"]
[Date "2020.07.08"]
[Round "5"]
[White "PiolletEspinos"]
[Black "PolaertClarenc"]
[Result "0-1"]
[WhiteElo "1100"]
[BlackElo "1280"]
[PlyCount "70"]
[EventDate "2020.??.??"]

1. d4 e6 2. e3 d5 3. Bd3 c5 4. Ne2 Nc6 5. c4 Nf6 6. cxd5 Nxd5 7. Nbc3 Be7 8.
Nxd5 Qxd5 9. Nc3 Qxg2 10. Be4 Qg5 11. Bxc6+ bxc6 12. Rf1 Ba6 13. e4 Qg2 14. Kd2
Qxf1 15. Qxf1 Bxf1 16. dxc5 O-O 17. Ke3 Bxc5+ 18. Kf3 Bc4 19. b3 Ba6 20. Bd2
Rfd8 21. Be3 Bxe3 22. fxe3 Rd3 23. Rc1 f5 24. exf5 exf5 25. Ke2 Rxc3+ 26. Kd1
Rxc1+ 27. Kxc1 Re8 28. Kb2 Rxe3 29. Kc2 f4 30. Kd1 f3 31. b4 f2 32. Kd2 Re2+
33. Kc3 f1=Q 34. a4 Qf6+ 35. Kb3 Qb2# {PiolletEspinos est échec et mat} 0-1

[Event "Champ FRA - Under 12"]
[Site "Europe Echecs"]
[Date "2020.07.08"]
[Round "5"]
[White "MartoianSeda"]
[Black "NegreMaxime"]
[Result "0-1"]
[WhiteElo "1278"]
[BlackElo "1105"]
[PlyCount "134"]
[EventDate "2020.??.??"]

1. e4 e5 2. Nf3 Nc6 3. Bb5 Bc5 4. O-O d6 5. c3 Nf6 6. Re1 O-O 7. d4 exd4 8.
cxd4 Bb4 9. Nc3 Bg4 10. h3 Bxf3 11. Qxf3 Nxd4 12. Qd3 Bxc3 13. bxc3 Nxb5 14.
Qxb5 b6 15. Bg5 h6 16. Bh4 Qd7 17. Qb3 Qe6 18. Qc2 Nd7 19. Rad1 Nc5 20. f3 Rfe8
21. Bf2 Nd7 22. Rd2 Nf6 23. Qd3 Nh5 24. Qe3 Qg6 25. Bh4 f5 26. exf5 Qxf5 27.
Qf2 Nf4 28. Qf1 Qg6 29. Rxe8+ Rxe8 30. Qd1 Nxh3+ 31. Kh2 Nf4 32. Bg3 Nh5 33.
Bf2 Kh8 34. Re2 Rxe2 35. Qxe2 Nf4 36. Qf1 Nd3 37. Bd4 Nf4 38. Be3 Ne6 39. Qe2
Qh5+ 40. Kg1 Qa5 41. Bd4 Qd5 42. Qd2 c5 43. Be3 Qxd2 44. Bxd2 d5 45. Kf2 Kg8
46. Ke2 Kf7 47. Kd3 Kf6 48. Be3 h5 49. a3 g5 50. a4 Kf5 51. Bf2 g4 52. Bg3 gxf3
53. gxf3 Nf4+ 54. Ke3 Ng2+ 55. Kd3 h4 56. Bf2 h3 57. Bg1 Nf4+ 58. Ke3 d4+ 59.
cxd4 cxd4+ 60. Kxd4 Ne2+ 61. Ke3 Nxg1 62. Kf2 h2 63. Kg2 Nxf3 64. a5 bxa5 65.
Kh1 a4 66. Kg2 a3 67. Kxf3 h1=Q+ {MartoianSeda a abandonné} 0-1

[Event "Champ FRA - Under 12"]
[Site "Europe Echecs"]
[Date "2020.07.08"]
[Round "5"]
[White "ChalonLouison"]
[Black "BourezzouSofia"]
[Result "1-0"]
[WhiteElo "1265"]
[BlackElo "1090"]
[PlyCount "50"]
[EventDate "2020.??.??"]

1. e4 e5 2. Nf3 Nc6 3. Bc4 Bc5 4. d3 h6 5. Nc3 Nf6 6. h3 d6 7. Be3 Bd7 8. O-O
Rg8 9. Na4 Bb4 10. c3 Ba5 11. d4 g5 12. dxe5 dxe5 13. Bb5 g4 14. Nxe5 gxh3 15.
g3 Nxe5 16. Bxd7+ Nexd7 17. Bxh6 Nxe4 18. Re1 h2+ 19. Kxh2 Rg6 20. Rxe4+ Re6
21. Rxe6+ fxe6 22. Qh5+ Ke7 23. Bg5+ Nf6 24. Qh7+ Kd6 25. Rd1+ Kc6 {
BourezzouSofia a abandonné} 1-0

[Event "Champ FRA - Under 12"]
[Site "Europe Echecs"]
[Date "2020.07.08"]
[Round "5"]
[White "LinJacky"]
[Black "FoleyNatasha"]
[Result "1-0"]
[WhiteElo "1262"]
[BlackElo "1078"]
[PlyCount "59"]
[EventDate "2020.??.??"]

1. e4 e5 2. Nf3 Nc6 3. Bb5 d6 4. h3 a6 5. Ba4 b5 6. Bb3 Nf6 7. Qe2 h6 8. c3 a5
9. Bc2 Bd7 10. O-O Qc8 11. Rd1 Bxh3 12. gxh3 Qxh3 13. Nh2 Be7 14. Qf3 Qh4 15.
Qg2 O-O 16. d4 exd4 17. cxd4 Rad8 18. Nc3 d5 19. e5 Nh5 20. Bxh6 b4 21. Nxd5 a4
22. Rd3 Kh7 23. Rh3+ Kxh6 24. Rxh4 Bxh4 25. Ng4+ Kg5 26. Ngf6+ Kh6 27. Nxh5
Kxh5 28. Nf4+ Kh6 29. Qg4 Bg5 30. Qh5# {FoleyNatasha est échec et mat} 1-0

[Event "Champ FRA - Under 12"]
[Site "Europe Echecs"]
[Date "2020.07.08"]
[Round "5"]
[White "SemenovVera"]
[Black "GuerinSasha"]
[Result "0-1"]
[WhiteElo "1069"]
[BlackElo "1236"]
[PlyCount "36"]
[EventDate "2020.??.??"]

1. e4 e6 2. d4 d5 3. exd5 exd5 4. Nf3 Nc6 5. Nc3 Nf6 6. Bb5 Bd7 7. Ne5 Nxe5 8.
dxe5 Bxb5 9. exf6 Bc6 10. Bf4 gxf6 11. Qe2+ Be7 12. O-O Rg8 13. Qd2 d4 14. Ne2
Rxg2+ 15. Kh1 Rxf2+ 16. Kg1 Rg2+ 17. Kh1 Rg3+ 18. Rf3 Bxf3# {SemenovVera est
échec et mat} 0-1